Study of the high school teacher in New York state, (Record no. 21099)
[ view plain ]
| 000 -LEADER | |
|---|---|
| fixed length control field | 00849cam a22002291 4500 |
| 001 - CONTROL NUMBER | |
| control field | e 31000356 |
| 003 - CONTROL NUMBER IDENTIFIER | |
| control field | DLC |
| 005 - DATE AND TIME OF LATEST TRANSACTION | |
| control field | 20260227111221.0 |
| 008 - FIXED-LENGTH DATA ELEMENTS--GENERAL INFORMATION | |
| fixed length control field | 830316s1931 nyu 000 0 eng c |
| 010 ## - LIBRARY OF CONGRESS CONTROL NUMBER | |
| LC control number | e 31000356 |
| 035 ## - SYSTEM CONTROL NUMBER | |
| System control number | (OCoLC)9316422 |
| 040 ## - CATALOGING SOURCE | |
| Original cataloging agency | Library, U.S. Office of Education |
| Transcribing agency | OU |
| Modifying agency | DLC |
| 042 ## - AUTHENTICATION CODE | |
| Authentication code | premarc |
| 050 00 - LIBRARY OF CONGRESS CALL NUMBER | |
| Classification number | LB1777 |
| Item number | .C68 |
| 100 1# - MAIN ENTRY--PERSONAL NAME | |
| Personal name | Coxe, Warren W. |
| Fuller form of name | (Warren Winfred), |
| Dates associated with a name | 1886-1956. |
| 245 10 - TITLE STATEMENT | |
| Title | Study of the high school teacher in New York state, |
| Statement of responsibility, etc. | by Warren W. Coxe ... Wayne W. Soper. |
| 260 ## - PUBLICATION, DISTRIBUTION, ETC. | |
| Place of publication, distribution, etc. | Albany, |
| Name of publisher, distributor, etc. | The University of the state of New York press, |
| Date of publication, distribution, etc. | 1931. |
| 300 ## - PHYSICAL DESCRIPTION | |
| Extent | 42 p. |
| Other physical details | tables. |
| Dimensions | 23 cm. |
| 490 0# - SERIES STATEMENT | |
| Series statement | University of the state of New York bulletin |
| Volume/sequential designation | no. 964. January 15, 1931 |
| 650 #0 - SUBJECT ADDED ENTRY--TOPICAL TERM | |
| Topical term or geographic name entry element | Teachers |
| Geographic subdivision | New York (State) |
| 700 1# - ADDED ENTRY--PERSONAL NAME | |
| Personal name | Soper, Wayne W. |
| Fuller form of name | (Wayne Wellington), |
| Dates associated with a name | 1891-1956, |
| Relator term | joint author. |
No items available.